| 000 | 01041nam a22002177a 4500 | ||
|---|---|---|---|
| 999 |
_c2972 _d2972 |
||
| 003 | AR-CdUCM | ||
| 008 | 190305b ||||| |||| 00| 0 spa d | ||
| 040 |
_aMUNICIPALIDAD PROVINCIAL DEL CUSCO _cBIBLIOTECA MUNICIPAL DEL CUSCO |
||
| 082 |
_a909.8 / _bB46 |
||
| 100 |
_aBerruezo León, María Teresa _910160 |
||
| 245 |
_aLa Lucha de Hispanoamérica por su Independencia en Inglaterra : _b1800 - 18330 / |
||
| 260 |
_aMadríd : _bEdiciones de Cultura Híspanica , _c1989. |
||
| 300 |
_a655 páginas ; _c21.5 cm. |
||
| 440 |
_aEdiciones de Cultura Hispanica _n. Historia _910161 |
||
| 505 | _aContenido : Francisco Miranda : Una década de uncansable actividad -- El cenit de la actividad propagandista de Miranda -- Las Primeras Actividades de Americanos y Españoles en suelo anglosajón -- La Incomprensión y el desencanto -- A un paso del triunfo -- Los frutos de la victoria... | ||
| 650 |
_aHispanoamerica _9886 |
||
| 650 |
_aBiblioteca Americana _910162 |
||
| 650 |
_aHispanoamericanos _910163 |
||
| 942 |
_2ddc _cLIBROS |
||
| 945 | _artm | ||